| 000 | 00684nam a22002057a 4500 | ||
|---|---|---|---|
| 003 | OSt | ||
| 005 | 20130607130658.0 | ||
| 008 | 130517b xxu||||| |||| 00| 0 eng d | ||
| 020 | _a8486792967 | ||
| 040 | _cCDMR | ||
| 100 | 1 |
_9835 _aPrósper Ribes, José |
|
| 245 | 1 | 0 |
_aElaboración de noticias y reportajes audiovisuales _cJosé Prósper Ribes, Celestino J. López Catalán |
| 260 |
_aValencia _bFundación Universitaria San Pablo C.E.U. _c1998 |
||
| 300 | _a132 p. | ||
| 650 | 0 | 4 |
_92084 _aComunicació audiovisual _xManuals, guies, etc. |
| 650 | 0 | 4 |
_93352 _aReportatges |
| 650 | 0 | 4 |
_93706 _aPeriodisme audiovisual |
| 700 | 1 |
_93465 _aLópez Catalán, Celestino J. |
|
| 942 |
_2udc _cMON |
||
| 999 |
_c6282 _d6282 |
||